У истоков; Методы менеджмента качества; № 1

Dades bibliogràfiques
Parent link:Методы менеджмента качества: научно-технический журнал/ Всероссийская организация качества (ВОК).— , 1999-.— 0130-6898
№ 1.— 2004.— С. 4-8
Altres autors: Ушаков И. А., Шпер В. Л.
Idioma:rus
Publicat: 2004
Matèries:
Format: MixedMaterials Capítol de llibre
KOHA link:https://koha.lib.tpu.ru/cgi-bin/koha/opac-detail.pl?biblionumber=390753

MARC

LEADER 00000naa2a2200000 4500
001 390753
005 20231101064015.0
035 |a (RuTPU)RU\TPU\prd\24107 
090 |a 390753 
100 |a 20040322a2004 k y0rusy50 ca 
101 0 |a rus 
102 |a RU 
200 1 |a У истоков  |f [Беседа с] И. А. Ушаков; [Беседовал] В. Л. Шпер 
320 |a Библиогр.: 30 назв. 
461 1 |0 (RuTPU)RU\TPU\prd\1635  |x 0130-6898  |t Методы менеджмента качества  |o научно-технический журнал  |f Всероссийская организация качества (ВОК)  |d 1999- 
463 1 |0 (RuTPU)RU\TPU\prd\23599  |t № 1  |v С. 4-8  |d 2004 
610 1 |a журналы 
610 1 |a информационные издания 
610 1 |a надежность 
610 1 |a контроль качества 
702 1 |a Ушаков  |b И. А.  |4 460 
702 1 |a Шпер  |b В. Л.  |4 470 
801 1 |a RU  |b 63413507  |c 20040322  |g PSBO 
801 2 |a RU  |b 63413507  |c 20130520  |g RCR 
942 |c BK